[Event "Krakow op-B 22nd"]
[Site "Krakow"]
[Date "2011.12.27"]
[Round "1"]
[White "Reza, Wojciech"]
[Black "Tomanek, Jerzy"]
[Result "1/2-1/2"]
[WhiteElo "2073"]
[BlackElo "1828"]
[PlyCount "77"]
[EventDate "2011.12.27"]
[EventType "swiss"]
[EventRounds "9"]
[EventCountry "POL"]
[SourceTitle "CBM 146 Extra"]
[Source "ChessBase"]
[SourceDate "2012.02.29"]
[SourceVersion "1"]
[SourceVersionDate "2012.02.29"]
[SourceQuality "1"]

1. e4 e6 2. Nc3 d5 3. Nf3 d4 4. Ne2 c5 5. c3 Nc6 6. cxd4 cxd4 7. Qa4 Bc5 8. b4 Bb6 9. b5 Nce7 10. Nexd4 Nf6 11. Nb3 0-0 12. Be2 Ng6 13. e5 Nd5 14. d4 Ngf4 15. Bf1 Bd7 16. Qa3 Qe8 17. Bxf4 Nxf4 18. Qc1 Nd5 19. a4 Rc8 20. Qd1 Qe7 21. Nbd2 Nf4 22. g3 Nd5 23. Qb1 Ba5 24. Bd3 h6 25. 0-0 Nc3 26. Qb3 Nd5 27. Nc4 Qd8 28. Rfc1 Bb4 29. Nfd2 Bxd2 30. Nxd2 Qg5 31. Qd1 Nc3 32. Qe1 Qg4 33. Ne4 Nxe4 34. Qxe4 Rxc1+ 35. Rxc1 Rc8 36. Rxc8+ Bxc8 37. f4 Kf8 38. Kf2 Ke7 39. Ke3 1/2-1/2

[Event "Chorzow op"]
[Site "Chorzow"]
[Date "2010.03.28"]
[Round "9"]
[White "Tomanek, Jerzy"]
[Black "Richter, Bronislaw"]
[Result "0-1"]
[WhiteElo "1866"]
[BlackElo "1834"]
[PlyCount "108"]
[EventDate "2010.03.20"]
[EventType "swiss"]
[EventRounds "9"]
[EventCountry "POL"]
[SourceTitle "EXT 2012"]
[Source "ChessBase"]
[SourceDate "2011.11.24"]
[SourceVersion "1"]
[SourceVersionDate "2011.11.24"]
[SourceQuality "1"]

1. e4 g5 2. d4 Bg7 3. Bxg5 c5 4. Be3 Nc6 5. c3 cxd4 6. Bd2 d5 7. exd5 Qxd5 8. c4 Qe6+ 9. Qe2 Ne5 10. f4 Nd3+ 11. Kd1 Qxe2+ 12. Kxe2 Nxb2 13. Kf3 Nf6 14. h3 Bf5 15. Ne2 Bxb1 16. Rxb1 Nxc4 17. Bc1 e5 18. Nxd4 e4+ 19. Kf2 e3+ 20. Kf3 Nd2+ 21. Bxd2 exd2 22. Nf5 0-0 23. Bc4 Rfd8 24. Rhd1 Bf8 25. Rxb7 Rac8 26. Bxf7+ Kh8 27. Rb2 Rc3+ 28. Ke2 Ne4 29. Bb3 Rcd3 30. Rc2 Bb4 31. Rc7 Nc3+ 32. Rxc3 Bxc3 33. Bc4 R3d7 34. g4 Bb2 35. Bb3 Bc1 36. Rf1 d1Q+ 37. Rxd1 Rxd1 38. Bxd1 Rd2+ 39. Ke1 Rh2 40. h4 Rxa2 41. h5 Bxf4 42. Be2 a5 43. Kf2 a4 44. Kf3 Bg5 45. Bc4 Rc2 46. Be6 a3 47. Nd4 Rb2 48. Ke4 Bf6 49. Kd3 Bxd4 50. Kxd4 a2 51. Bxa2 Rxa2 52. Ke4 Rf2 53. g5 Kg7 54. Ke5 h6 0-1

[Event "Chorzow op"]
[Site "Chorzow"]
[Date "2010.03.26"]
[Round "7"]
[White "Tomanek, Jerzy"]
[Black "Marek, Eugeniusz"]
[Result "0-1"]
[WhiteElo "1866"]
[BlackElo "1887"]
[PlyCount "112"]
[EventDate "2010.03.20"]
[EventType "swiss"]
[EventRounds "9"]
[EventCountry "POL"]
[SourceTitle "EXT 2012"]
[Source "ChessBase"]
[SourceDate "2011.11.24"]
[SourceVersion "1"]
[SourceVersionDate "2011.11.24"]
[SourceQuality "1"]

1. e4 c6 2. d4 d5 3. e5 Bf5 4. Bd3 Bxd3 5. Qxd3 e6 6. Ne2 c5 7. c3 Nc6 8. 0-0 Nge7 9. Ng3 Qb6 10. Rd1 g6 11. b3 h5 12. Bg5 Bg7 13. Na3 a6 14. Nc2 h4 15. Nf1 Nf5 16. Nfe3 Rh5 17. Nxf5 gxf5 18. Qe3 cxd4 19. cxd4 Kd7 20. Rac1 Rg8 21. Bf4 h3 22. g3 Bf8 23. Qe2 Rh7 24. Be3 Be7 25. a3 Bg5 26. Bxg5 Rxg5 27. Qe3 Rg4 28. f3 Rg8 29. b4 Rc8 30. Na1 Ke7 31. Nb3 Rg8 32. Rc3 Rh4 33. f4 Rhh8 34. Rdc1 Rc8 35. Kf2 Na7 36. Rxc8 Rxc8 37. Rxc8 Nxc8 38. g4 fxg4 39. Kg3 Qb5 40. Kxg4 Qa4 41. Nd2 Qc2 42. Kxh3 Nb6 43. Nb3 Nc4 44. Qg3 Qf5+ 45. Qg4 Qxg4+ 46. Kxg4 Nxa3 47. Nc5 Nc2 48. Nxb7 Nxb4 49. Nc5 a5 50. h4 Nc2 51. Nb3 a4 52. Nc5 a3 53. Nb3 a2 54. h5 a1Q 55. Nxa1 Nxa1 56. h6 Kf8 0-1

[Event "Pszczyna op"]
[Site "Pszczyna"]
[Date "2009.07.18"]
[Round "8"]
[White "Tomanek, Jerzy"]
[Black "Reichert, Jakub"]
[Result "0-1"]
[WhiteElo "1890"]
[BlackElo "1760"]
[PlyCount "54"]
[EventDate "2009.07.14"]
[EventType "swiss"]
[EventRounds "9"]
[EventCountry "POL"]
[SourceTitle "CBM 131 Extra"]
[Source "ChessBase"]
[SourceDate "2009.09.03"]
[SourceVersion "2"]
[SourceVersionDate "2009.09.16"]
[SourceQuality "1"]

1. e4 c6 2. d4 d5 3. e5 Bf5 4. Bd3 Bxd3 5. Qxd3 e6 6. Ne2 Nd7 7. 0-0 Ne7 8. f4 Nf5 9. g4 Nh6 10. f5 Qh4 11. Bxh6 Qxg4+ 12. Ng3 gxh6 13. fxe6 fxe6 14. Nd2 0-0-0 15. Rf3 Be7 16. Raf1 h5 17. Kh1 c5 18. c3 c4 19. Qc2 Bg5 20. b3 Rhg8 21. bxc4 h4 22. Ne2 Be3 23. Ng3 Qh3 24. Qd3 hxg3 25. Rxg3 Rxg3 26. Qe2 Rdg8 27. Nf3 Rxf3 0-1

[Event "Pszczyna op"]
[Site "Pszczyna"]
[Date "2009.07.16"]
[Round "4"]
[White "Tomanek, Jerzy"]
[Black "Orlowski, Adrian"]
[Result "1/2-1/2"]
[WhiteElo "1890"]
[BlackElo "1506"]
[PlyCount "52"]
[EventDate "2009.07.14"]
[EventType "swiss"]
[EventRounds "9"]
[EventCountry "POL"]
[SourceTitle "CBM 131 Extra"]
[Source "ChessBase"]
[SourceDate "2009.09.03"]
[SourceVersion "2"]
[SourceVersionDate "2009.09.16"]
[SourceQuality "1"]

1. e4 d5 2. exd5 Qxd5 3. Nc3 Qd6 4. Nf3 Nf6 5. h3 a6 6. Be2 Bf5 7. d3 Nc6 8. 0-0 0-0-0 9. a3 e5 10. Ng5 Qd7 11. Bf3 Nd4 12. Be3 Bc5 13. Nce4 Bb6 14. c3 h6 15. Nxf6 gxf6 16. Ne4 Bxe4 17. dxe4 Nxf3+ 18. Qxf3 Bxe3 19. Qxe3 Qd3 20. Qa7 Qxe4 21. Rad1 c6 22. Qc5 Rd5 23. Qe7 Rg8 24. g3 Qf3 25. Rxd5 Rxg3+ 26. fxg3 Qxg3+ 1/2-1/2

[Event "Pszczyna op"]
[Site "Pszczyna"]
[Date "2009.07.15"]
[Round "3"]
[White "Kostrzewski, Jakub"]
[Black "Tomanek, Jerzy"]
[Result "0-1"]
[WhiteElo "1606"]
[BlackElo "1890"]
[PlyCount "48"]
[EventDate "2009.07.14"]
[EventType "swiss"]
[EventRounds "9"]
[EventCountry "POL"]
[SourceTitle "CBM 131 Extra"]
[Source "ChessBase"]
[SourceDate "2009.09.03"]
[SourceVersion "2"]
[SourceVersionDate "2009.09.16"]
[SourceQuality "1"]

1. e4 e6 2. d4 d5 3. e5 c5 4. Qg4 Qb6 5. Nf3 Nc6 6. a3 cxd4 7. Bd3 Nge7 8. Nbd2 Ng6 9. Qg3 Be7 10. b4 a6 11. Nb3 Qc7 12. Nbxd4 Ncxe5 13. Nxe5 Qc3+ 14. Kd1 Qxa1 15. c3 Nxe5 16. Qxe5 Bf6 17. Qe3 Bd7 18. Ne2 Bxc3 19. Bc2 Bf6 20. f4 0-0 21. g4 Rac8 22. g5 Rxc2 23. gxf6 Rfc8 24. Rg1 Qxf6 0-1

[Event "Pszczyna op 3rd"]
[Site "Pszczyna"]
[Date "2007.07.17"]
[Round "1"]
[White "Motyka, Michal"]
[Black "Tomanek, Jerzy"]
[Result "1-0"]
[WhiteElo "2281"]
[BlackElo "1890"]
[PlyCount "67"]
[EventDate "2007.07.17"]
[EventType "swiss"]
[EventRounds "9"]
[EventCountry "POL"]
[SourceTitle "EXT 2011"]
[Source "ChessBase"]
[SourceDate "2010.11.26"]
[SourceVersion "1"]
[SourceVersionDate "2010.11.26"]
[SourceQuality "1"]

1. e4 e6 2. d4 d5 3. e5 c5 4. Nf3 Qb6 5. Bd3 Nc6 6. dxc5 Bxc5 7. 0-0 Nge7 8. Nc3 Ng6 9. Na4 Qa5 10. Nxc5 Qxc5 11. Re1 0-0 12. a3 Qb6 13. h4 Qc7 14. Qe2 f5 15. h5 Nh8 16. Bg5 Nf7 17. Bh4 Bd7 18. b4 a6 19. c4 dxc4 20. Bxc4 b5 21. Bb3 Rae8 22. Rac1 Qa7 23. Rc5 Rc8 24. Qd2 Ncd8 25. Be7 Re8 26. Rd1 Rxe7 27. Rxc8 Bxc8 28. Qxd8+ Nxd8 29. Rxd8+ Re8 30. Rxe8+ Kf7 31. Rxc8 h6 32. Rc6 a5 33. Rxe6 Kf8 34. Nh4 1-0